000 nam a22 7a 4500
999 _c8529
_d8529
008 180117b ||||| |||| 00| 0 eng d
100 _94918
_aCONVERSE.J
245 _aSPECIAL NEEDS KIDS EAT RIGHT
260 _aUSA
_bPENGUIN
_c2009